| 000 | 00766nam a2200217Ia 4500 | ||
|---|---|---|---|
| 003 | OSt | ||
| 005 | 20210527140857.0 | ||
| 008 | 210310s1941 ck ab fr 000 0 spa d | ||
| 040 |
_aCO-JMCR _cCO-JMCR |
||
| 041 | 0 | _aspa | |
| 082 | 0 | 4 |
_a333.332 / _bP855c _223 |
| 100 | 1 |
_aPosada Cuéllar, Hernando, _915822 _eautor |
|
| 245 | 0 |
_aEl catastro nacional / _cHernando Posada Cuéllar, Pierre Grandchamp |
|
| 260 |
_aBogotá : _bInstituto Geográfico Militar y Catastral, _c1941 |
||
| 300 |
_a2 volúmenes : _bilustraciones y mapas a blanco y negro ; _c24 cm. |
||
| 650 | 1 | 4 |
_aCatastro _915824 _zColombia |
| 650 | 2 | 4 |
_aGeodesia _zColombia _937983 |
| 651 | 4 |
_aColombia _xCondiciones socioeconómicas _937984 |
|
| 700 | 1 |
_aGrandchamp, Pierre, _eautor _937985 |
|
| 942 |
_2ddc _cBK |
||
| 999 |
_c7920 _d7920 |
||